=LDR 00000nam 2200000 4500 =001 $a INLIS000000000008378 =005 $a 20260604094754 =008 $a 260604###########################0#ind## =022 ##$$a 978-979-25-4699-6 =035 ##$$a 0010-0626000005 =082 ##$$a 612 =084 ##$$a 612 DIG s =100 #$$a Digi Familia =245 ##$$a Seluk Beluk & Fakta Disfungsi Seksual $b wajib anda ketahui $c Digi Familia (Penulis) =246 ##$$a =260 ##$$a Jogjakarta $b Ar-Ruzz Media Grup $c 2010 =300 ##$$a 165 hlm $b - $c 21 cm $d =336 ##$$a =337 ##$$a =338 ##$$a =520 #$$a =650 #$$a Kesehatan =700 #$$a =740 ##$$a =856 ##$$a =Wor $a 1